| Tag |
First Indicator |
Second Indicator |
Subfields |
| LEADER |
00000cam a2200000 a 4500 |
| 001 |
in00001620113 |
| 005 |
20151023053902.0 |
| 008 |
000815s2001 caua b 001 0 eng |
| 010 |
|
|
|a 00010919
|
| 015 |
|
|
|a GBA0-W2975
|
| 019 |
|
|
|a 44933261
|
| 020 |
|
|
|a 0761922016 (cloth : acid-free paper)
|
| 020 |
|
|
|a 0761922024 (pbk. : acid-free paper)
|
| 020 |
|
|
|a 0761922865
|
| 029 |
1 |
|
|a UKM
|b bA0W2975
|
| 029 |
1 |
|
|a UKM
|b bA0W2976
|
| 035 |
|
|
|a (OCoLC)ocm44811997
|
| 040 |
|
|
|a DLC
|c DLC
|d UKM
|d C#P
|d UtOrBLW
|
| 043 |
|
|
|a n-us---
|
| 049 |
|
|
|a TXAM
|
| 050 |
0 |
0 |
|a GN345
|b .J43 2001
|
| 082 |
0 |
0 |
|a 306
|2 21
|
| 100 |
1 |
|
|a Jandt, Fred Edmund.
|
| 245 |
1 |
0 |
|a Intercultural communication :
|b an introduction /
|c Fred E. Jandt.
|
| 250 |
|
|
|a 3rd ed.
|
| 264 |
|
1 |
|a Thousand Oaks, Calif. :
|b Sage Publications,
|c [2001]
|
| 264 |
|
4 |
|c ©2001
|
| 300 |
|
|
|a xi, 532 pages :
|b illustrations ;
|c 24 cm.
|
| 336 |
|
|
|a text
|b txt
|2 rdacontent
|
| 337 |
|
|
|a unmediated
|b n
|2 rdamedia
|
| 338 |
|
|
|a volume
|b nc
|2 rdacarrier
|
| 504 |
|
|
|a Includes bibliographical references (pages 508-521) and index.
|
| 650 |
|
0 |
|a Intercultural communication.
|
| 650 |
|
0 |
|a Intercultural communication
|z United States.
|
| 650 |
|
0 |
|a Communication, International.
|
| 945 |
|
|
|i PromptCat
|
| 948 |
|
|
|a cataloged
|b h
|c 2001/6/4
|d c
|e cmulkey
|f 9:48:17 am
|
| 994 |
|
|
|a 92
|b TXA
|
| 999 |
|
|
|a MARS
|
| 999 |
f |
f |
|s 127d7c7a-bf37-3c9b-920e-7e34497e88fd
|i 6544d1e6-d60c-325f-a34b-9393f8181ca9
|t 0
|
| 952 |
f |
f |
|p ric
|a Texas A&M University
|b Rellis Campus
|c Joint Library Facility
|d Remote Storage
|t 0
|e GN345 .J43 2001
|h Library of Congress classification
|i unmediated -- volume
|m A14827717934
|
| 998 |
f |
f |
|a GN345 .J43 2001
|t 0
|l Remote Storage
|